Dutch Prime Ministers - Statistics

General Stats
  • This quiz has been taken 35 times
  • The average score is 27 of 50
Answer Stats
Years in Office Political Party Answer % Correct
2002-2010 CDA Christian Democratic Appeal Jan Peter Balkenende
100%
2010-Present VVDPeople's Party for Freedom and Democracy Mark Rutte
100%
1982-1994 CDA Christian Democratic Appeal Ruud Lubbers
100%
1977-1982 KCDA Christian Democratic Appeal Dries van Agt
92%
1973-1977 PvdA Labour Party Joop den Uyl
92%
1849-1853 Independent Liberal Johan Rudolph Thorbecke
83%
1862-1866 Independent Liberal Johan Rudolph Thorbecke
83%
1871-1872 Independent Liberal Johan Rudolph Thorbecke
83%
1994-2002 PvdA Labour Party Wim Kok
83%
1925-1926 ARP Anti-revolutionary Hendrikus Colijn
75%
1933-1939 ARP Anti-revolutionary Hendrikus Colijn
75%
1948-1958 PvdALabour Party Willem Drees
75%
1901-1905 ARP Anti-revolutionary Abraham Kuyper
67%
1946-1948 KVPCatholic People's Louis Beel
58%
1958-1959 KVP Catholic People's Louis Beel
58%
1967-1971 KVP Catholic People's Piet de Jong
58%
1926-1929 CHUChristian Historical Union Dirk Jan de Geer
50%
1939-1940 CHU Christian Historical Union Dirk Jan de Geer
50%
1848 Independent Liberal Gerrit Schimmelpenninck
50%
1959-1963 KVP Catholic People's Jan de Quay
50%
1874-1877 Independent Conservative Jan Heemskerk
50%
1883-1888 Independent Conservative Jan Heemskerk
50%
1966-1967 ARP Anti-revolutionary Jelle Zijlstra
50%
1965-1966 KVP Catholic People's Jo Cals
50%
1905-1908 Liberal Union Theo de Meester
50%
1908-1913 ARP Anti-revolutionary Theo Heemskerk
50%
1963-1965 KVP Catholic People's Victor Marijnen
50%
1888-1891 ARP Anti-revolutionary Æneas Mackay
42%
1971-1973 ARP Anti-revolutionary Barend Biesheuvel
42%
1918-1925 RKSPRoman Catholic State Party Charles Ruijs de Beerenbrouck
42%
1929-1933 RKSP Roman Catholic State Party Charles Ruijs de Beerenbrouck
42%
1853-1856 Independent Liberal Floris Adriaan van Hall
42%
1860-1861 Independent Liberal Floris Adriaan van Hall
42%
1866 Independent Liberal Fransen van de Putte
42%
1872-1874 Independent Liberal Gerrit de Vries
42%
1848-1849 Independent Liberal Jacob de Kempenaer
42%
1897-1901 Liberal Union Nicolaas Pierson
42%
1913-1918 Independent Liberal Pieter Cort van der Linden
42%
1940-1945 ARP Anti-revolutionary Pieter Gerbrandy
42%
1945-1946 VDBFree-thinking Democratic League Wim Schermerhorn
42%
1891-1894 Independent Liberal Gijsbert van Tienhoven
33%
1861 Independent Liberal Jacob van Zuylen van Nijevelt
33%
1858-1860 Independent Conservative Jan Jacob Rochussen
33%
1894-1897 Independent Liberal Joan Röell
33%
1866-1868 Independent Conservative Julius van Zuylen van Nijevelt
33%
1868-1871 Independent Liberal Pieter Philip van Bosse
33%
1861-1892 Independent Liberal Schelto van Heemstra
33%
1879-1883 Independent Anti-revolutionary Theo van Lynden van Sandenburg
33%
1877-1879 Independent Liberal Jan Kappeyne van de Coppello
25%
1856-1858 Independent Anti-revolutionary Justinus van der Brugghen
25%
No matching quizzes found
Score Distribution
Percent of People with Each Score
Percentile by Number Answered
Your Score History
You have not taken this quiz